000 00405nam a2200181Ia 4500
005 20250423095645.0
008 250422s9999 xx 000 0 und d
020 _a9780073525600
050 _aQM 23.2 .S25/
100 _aSaladin, K. S.
245 0 _aHuman Anatomy
260 _aNew York
260 _bMcGraw Hill
260 _c2011
300 _a739 p
650 _aHuman anatomy.
942 _cBK
999 _c30939
_d30939